000 01042nam a2200313Ia 4500
003 OSt
005 20221007121309.0
006 a|||||r|||| 00| 0
007 ta
008 221006b |||||||| |||| 00| 0 eng d
020 _a9783642417863 (hbk)
024 _a190494
037 _b240, 14/03/2014, N R Book Distributors
_cTextual
040 _aBDL
_cBDL
_beng
041 _2eng
_aeng
082 _aI,11, Q4 Carb
100 _aNick Peter Ed.
_9710290
245 0 _aApplied plant cell biology: Cellular tools and approaches for plant biotechnology
_b Opatrny Zdenek Ed.
260 _aNew
_bYork Springer
_c2014
300 _axiv481p. col.ill.
_ccm.
490 _aPlant cell monographs
500 _aInclude bibliographical referencs.;
650 _a Cell biology
650 _a Plant cell
650 _aBotany
700 _a Opatrny Zdenek Ed.
_9711337
942 _hI,11, Q4 Carb
_cTEXL
_2CC
999 _c1208690
_d1208690